000
00209nam a2200085Ia 4500
008
250605s9999 xx 000 0 und d
041
_a
eng
100
_a
Shambhavi Singh
245
_a
Aditya Birla Sunlife Insurance
999
_c
44912
_d
44912